000
00316nam a2200109Ia 4500
008
160531s9999 xx 000 0 und d
100
_a
Rauche, G.A.
245
2
_a
A Student's Key to Ancient Greek Thought
245
_c
by G.A. Rauche
260
_c
2015
856
_u
http://www.smashwords.com/books/notPublished/520355
999
_c
295170
_d
295170